UITU Library & LRC     

Wireless Application Based Information Protocols (Record no. 31680)

MARC details
000 -LEADER
fixed length control field 00454nam a2200133Ia 4500
008 - FIXED-LENGTH DATA ELEMENTS--GENERAL INFORMATION
fixed length control field 260210s9999 xx 000 0 und d
024 ## - OTHER STANDARD IDENTIFIER
Standard number or code 99B-25-BS3, 99B-52-BS3 & 99B-23-BS3
082 ## - DEWEY DECIMAL CLASSIFICATION NUMBER
Classification number 4.62072 UMA
100 ## - MAIN ENTRY--PERSONAL NAME
Personal name Umair Mumtaz, , S. Obaid Bin Talha & Saleem Suleman
245 #0 - TITLE STATEMENT
Title Wireless Application Based Information Protocols
260 ## - PUBLICATION, DISTRIBUTION, ETC.
Place of publication, distribution, etc. Karachi:
Name of publisher, distributor, etc. UITU,
Date of publication, distribution, etc. 1999
600 ## - SUBJECT ADDED ENTRY--PERSONAL NAME
Personal name Computer Science
650 ## - SUBJECT ADDED ENTRY--TOPICAL TERM
Topical term or geographic name entry element Bachelor of Computer Science (BS)

No items available.

Powered by Koha